000
00327pab a2200145 454500
008
180718b2004 xxu||||| |||| 00| 0 eng d
100
_a
Lal, A.K.
245
_a
Nation building through NHDP
260
_c
2004
300
_a
p.46-53.
362
_a
Jul-Sep
650
_a
Nation building
773
_a
Nagarlok
909
_a
63024
999
_c
63024
_d
63024